| 000 | 00651cam a2200193 a 4500 | ||
|---|---|---|---|
| 001 | 000000997 | ||
| 005 | 20200929145448.0 | ||
| 008 | 980519s1999 ilu b 001 0 spa | ||
| 040 |
_aDO-SdBNP _bspa _dBNPHU |
||
| 082 |
_a468.24 _bK52g |
||
| 100 | 1 |
_aKing, Larry D. _q(Larry Dawain), _d1949- _93474 |
|
| 245 | 1 | 0 |
_aGramática española : _banálisis y práctica / _cLarry D. King, Margarita Suñer. |
| 260 |
_aBoston : _bMcGraw-Hill College, _c1999. |
||
| 300 |
_axv, 333 p. ; _c26 cm. |
||
| 504 | _aBibliografía: p. 275-278 | ||
| 650 | 4 |
_aEspañol _xGramática _93475 |
|
| 650 | 4 |
_aEspañol _xEnseñanza correctiva _93476 |
|
| 700 | 1 |
_aSuñer, Margarita. _93477 |
|
| 999 |
_c977 _d977 |
||